[Event "VEN-ch"]
[Site "Santo Domingo"]
[Date "2018.01.12"]
[Round "6"]
[White "Vivas Zamora, Fabian Ernesto"]
[Black "Zavarce Sayago, Oscar Enrique"]
[Result "0-1"]
[WhiteElo "2296"]
[BlackElo "2279"]
[PlyCount "62"]
[EventDate "2018.01.09"]
[EventType "tourn"]
[EventRounds "11"]
[EventCountry "VEN"]
[SourceTitle "CBM 182 Extra"]
[Source "ChessBase"]
[SourceDate "2018.02.23"]
[SourceVersion "1"]
[SourceVersionDate "2018.02.23"]
[SourceQuality "1"]

1. e4 c5 2. Nc3 e6 3. Nf3 Nc6 4. d4 cxd4 5. Nxd4 Qc7 6. Be3 a6 7. Qf3 Ne5 8. Qg3 b5 9. Be2 Bb7 10. a3 Rc8 11. Ndxb5 axb5 12. Nxb5 Qxc2 13. Qxe5 f6 14. Nd6+ Bxd6 15. Qxd6 Qxb2 16. Rd1 Qc3+ 17. Bd2 Qc6 18. Qg3 Kf7 19. 0-0 Ne7 20. Bb4 Rhe8 21. Rd6 Qc7 22. Rd4 Red8 23. Qd3 Bc6 24. Bg4 Ba4 25. Re1 Nc6 26. Bc3 Na5 27. Re3 Nc4 28. e5 Nxe3 29. Qxh7 Nxg4 30. Qh5+ Kg8 31. Rd3 Qxe5 0-1

[Event "Valencia Martis Cup 1st"]
[Site "Valencia"]
[Date "2017.12.06"]
[Round "3"]
[White "Palomo, Franklin Annervys"]
[Black "Zavarce Sayago, Oscar Enrique"]
[Result "1-0"]
[WhiteElo "2285"]
[BlackElo "2391"]
[PlyCount "59"]
[EventDate "2017.12.05"]
[EventType "tourn"]
[EventRounds "9"]
[EventCountry "VEN"]
[EventCategory "3"]
[SourceTitle "CBM 182 Extra"]
[Source "ChessBase"]
[SourceDate "2018.02.23"]
[SourceVersion "1"]
[SourceVersionDate "2018.02.23"]
[SourceQuality "1"]

1. g3 c5 2. Bg2 Nc6 3. c4 g6 4. Nc3 Bg7 5. d3 e6 6. Nh3 Nf6 7. 0-0 a6 8. e4 d6 9. f4 h6 10. Be3 Qc7 11. a3 b6 12. Rb1 Nd7 13. Qd2 Nd4 14. b4 Rb8 15. Ne2 f5 16. Rfe1 0-0 17. Nxd4 cxd4 18. Bf2 e5 19. Qe2 fxe4 20. Qxe4 Nf6 21. Qxg6 Bg4 22. c5 Qc8 23. fxe5 Bf5 24. exf6 Bxg6 25. fxg7 Rxf2 26. Nxf2 bxc5 27. Re7 Bf7 28. Ne4 Qd8 29. Rd7 Qb6 30. Rf1 1-0

[Event "Caracas Jovenes"]
[Site "Caracas"]
[Date "2017.12.02"]
[Round "7"]
[White "Zavarce Sayago, Oscar Enrique"]
[Black "Palomo, Franklin Annervys"]
[Result "0-1"]
[WhiteElo "2391"]
[BlackElo "2286"]
[PlyCount "86"]
[EventDate "2017.11.29"]
[EventType "tourn"]
[EventRounds "9"]
[EventCountry "VEN"]
[SourceTitle "EXT 2019"]
[Source "ChessBase"]
[SourceDate "2018.10.10"]
[SourceVersion "1"]
[SourceVersionDate "2018.10.10"]
[SourceQuality "1"]

1. e4 c5 2. Nf3 d6 3. d4 cxd4 4. Nxd4 Nf6 5. Nc3 a6 6. h3 e5 7. Nb3 Be6 8. Qf3 Nbd7 9. Be3 Qc7 10. g4 h6 11. 0-0-0 Rc8 12. Bd3 b5 13. Nd5 Bxd5 14. exd5 a5 15. Nd2 Be7 16. h4 g6 17. Ne4 Nxe4 18. Qxe4 Qb7 19. f4 h5 20. g5 exf4 21. Bxf4 Nc5 22. Qe2 0-0 23. Rhe1 Rc7 24. Bxb5 Rb8 25. c4 Bf8 26. Kb1 Qc8 27. Be3 Qf5+ 28. Qc2 Qg4 29. Rd4 Qh3 30. Rf4 Bg7 31. Bd4 Nd3 32. Bxg7 Nxe1 33. Qd2 Qd3+ 34. Qxd3 Nxd3 35. Rd4 Rxb5 36. Rxd3 Rxc4 37. Bf6 Kf8 38. Bd4 a4 39. b3 axb3 40. axb3 Rxb3+ 41. Rxb3 Rxd4 42. Rb8+ Kg7 43. Kc2 Rxh4 0-1